Entry Personal Name
Number of records used in: 1
001 - CONTROL NUMBER
003 - CONTROL NUMBER IDENTIFIER
005 - DATE AND TIME OF LATEST TRANSACTION
- control field:
20231007154437.0
008 - FIXED-LENGTH DATA ELEMENTS
- fixed length control field:
841123n| azannaabn |b aaa
010 ## - LIBRARY OF CONGRESS CONTROL NUMBER
- LC control number:
n 84145691
035 ## - SYSTEM CONTROL NUMBER
- System control number:
(OCoLC)oca01211780
040 ## - CATALOGING SOURCE
- Original cataloging agency:
DLC
- Language of cataloging:
eng
- Description conventions:
rda
- Transcribing agency:
DLC
- Modifying agency:
DLC
- Modifying agency:
OCoLC
- Modifying agency:
DLC
- Modifying agency:
OCoLC
- Modifying agency:
IC
- Modifying agency:
DLC
- Modifying agency:
UPB
- Modifying agency:
DLC
- Modifying agency:
MdRoLAC
- Modifying agency:
CSt-HC
- Modifying agency:
GVaS
046 ## - SPECIAL CODED DATES
- Birth date:
1942
- Source of date scheme:
edtf
053 #0 - LC CLASSIFICATION NUMBER
- Classification number element--single number or beginning number of span:
PQ8098.1.L54
100 1# - HEADING--PERSONAL NAME
- Personal name:
Allende, Isabel
370 ## - ASSOCIATED PLACE
- Place of birth:
Lima (Peru)
- Associated country:
United States
- Place of residence/headquarters:
Chile
- Place of residence/headquarters:
Caracas (Venezuela)
- Place of residence/headquarters:
California
- Source of term:
naf
372 ## - FIELD OF ACTIVITY
- Field of activity:
Fiction
- Field of activity:
Novels
- Source of term:
lcsh
373 ## - ASSOCIATED GROUP
- Associated group:
American Academy of Arts and Letters
- Source of term:
naf
- Start period:
2004
374 ## - OCCUPATION
- Occupation:
Authors
- Occupation:
Novelists
- Source of term:
lcsh
377 ## - ASSOCIATED LANGUAGE
400 1# - SEE FROM TRACING--PERSONAL NAME
- Personal name:
Альенде, Изабель
400 1# - SEE FROM TRACING--PERSONAL NAME
- Personal name:
Alʹliyindī, Īzābīl
400 1# - SEE FROM TRACING--PERSONAL NAME
- Personal name:
איינדה, איזבל
400 1# - SEE FROM TRACING--PERSONAL NAME
- Personal name:
イサベル・アジェンデ
400 1# - SEE FROM TRACING--PERSONAL NAME
- Personal name:
الليندي، ايزابيل
670 ## - SOURCE DATA FOUND
- Source citation:
Her The house of the spirits, 1985:
- Information found:
CIP t.p. (Isabel Allende) pub. info. (lives in Caracas, Venezuela)
670 ## - SOURCE DATA FOUND
- Source citation:
LC data base, 11/19/84
- Information found:
(hdg.: Allende, Isabel)
670 ## - SOURCE DATA FOUND
- Source citation:
Phone call to A.A. Knopf, 11-19-84
- Information found:
(Isabel Allende; b. 1942)
670 ## - SOURCE DATA FOUND
- Source citation:
al-Jazīrah taḥta al-baḥr, 2010:
- Information found:
t.p. (Īzābīl Alʹliyindī = ايزابيل الليندي)
670 ## - SOURCE DATA FOUND
- Source citation:
Portrait in sepia, 2006:
- Information found:
title page (Isabel Allende) page 2 [about the author section] (born in Lima, Peru in 1942, and raised in Chile; worked in Venezuela from 1975 to 1984 and then moved to USA; lives in California; novelist and author) page 4 of cover (induced into the American Academy of Arts and Letters in 2004)
675 ## - SOURCE DATA NOT FOUND
- Source citation:
Dicc. biog. de Chile, 1980/1982;
- Source citation:
Caracas tel. dir., 1982/1983